|
|
|
|
| LEADER |
00000nam0a2200000 4500 |
| 001 |
325454 |
| 005 |
20231102003750.0 |
| 035 |
|
|
|a (RuTPU)RU\TPU\book\351068
|
| 090 |
|
|
|a 325454
|
| 100 |
|
|
|a 20161206d1974 m y0rusy50 ca
|
| 101 |
0 |
|
|a rus
|
| 102 |
|
|
|a RU
|
| 105 |
|
|
|a a j 001zy
|
| 200 |
1 |
|
|a Металлургия магния и других легких металлов
|e учебное пособие для техникумов
|f М. А. Эйдензон
|
| 205 |
|
|
|a 2-е изд., перераб. и доп.
|
| 210 |
|
|
|a Москва
|c Металлургия
|d 1974
|
| 215 |
|
|
|a 200 с.
|c ил.
|
| 320 |
|
|
|a Библиогр.: с. 200
|
| 606 |
1 |
|
|a Легкие металлы
|x Металлургия
|2 stltpush
|3 (RuTPU)RU\TPU\subj\72811
|9 86204
|
| 610 |
1 |
|
|a магний
|
| 610 |
1 |
|
|a магниевые руды
|
| 610 |
1 |
|
|a получение
|
| 610 |
1 |
|
|a электролиз
|
| 610 |
1 |
|
|a безводный карналлит
|
| 610 |
1 |
|
|a электролизеры
|
| 610 |
1 |
|
|a расчет
|
| 610 |
1 |
|
|a технически чистый магний
|
| 610 |
1 |
|
|a отходящие газы
|
| 610 |
1 |
|
|a сточные воды
|
| 610 |
1 |
|
|a очистка
|
| 610 |
1 |
|
|a промышленная санитария
|
| 610 |
1 |
|
|a безопасность
|
| 610 |
1 |
|
|a экономика
|
| 610 |
1 |
|
|a силикотермические способы
|
| 610 |
1 |
|
|a литий
|
| 610 |
1 |
|
|a натрий
|
| 610 |
1 |
|
|a калий
|
| 610 |
1 |
|
|a бериллий
|
| 610 |
1 |
|
|a кальций
|
| 610 |
1 |
|
|a стронций
|
| 610 |
1 |
|
|a барий
|
| 610 |
1 |
|
|a учебные пособия
|
| 675 |
|
|
|a 669.7(075.8)
|v 4
|
| 700 |
|
1 |
|a Эйдензон
|b М. А.
|g Моисей Аронович
|
| 801 |
|
1 |
|a RU
|b 63413507
|c 20161206
|
| 801 |
|
2 |
|a RU
|b 63413507
|c 20200723
|g RCR
|
| 942 |
|
|
|c BK
|